00528nam a2200193 a 4500001001300000003000900013005001700022008004100039020001000080082001500090100001900105245003600124260003200160300000900192500003500201505006800236650001100304700001900315nice12345678IN_TiNIC20260116011303.0050524s1915 shea grp 000 0 per  ac0.300a297.4bANS aAnsari, Khwaja aAnwarut Tahqeeq and Other Books aSheerazbAhmedi Pressc1915 a130p aincludes index and biblioraphy2 aAramaic Approach to the Four Gospels By Archdeacon Barkat Ullah aSufism1 aAnsari, Khwaja